| 000 | 00393nam a2200169Ia 4500 | ||
|---|---|---|---|
| 003 | OSt | ||
| 005 | 20240309122013.0 | ||
| 008 | 170619s9999 xx 000 0 und d | ||
| 020 | _a9788120327962 | ||
| 040 | _cIIMT ENGINEERING COLLEGE | ||
| 100 | _aStallings William | ||
| 245 | 0 | _aOperating Systems | |
| 260 | _bNew Delhi : PHI | ||
| 260 | _c2006 | ||
| 546 | _aENGLISH | ||
| 942 |
_2ddc _c01 |
||
| 999 |
_c18369 _d18369 |
||